书目信息 |
| 题名: |
总理是位中国通
|
|
| 作者: | 李洋 著 | |
| 分册: | ||
| 出版信息: | 北京 新华出版社 2008.03 |
|
| 页数: | 202页 | |
| 开本: | 20cm | |
| 丛书名: | ||
| 单 册: | ||
| 中图分类: | K836.11 | |
| 科图分类: | ||
| 主题词: | 历史 , 地理 | |
| 电子资源: | ||
| ISBN: | 978-7-5011-8314-2 | |
| 000 | 00583nam0 2200229 45 | |
| 001 | 0929801671 | |
| 005 | 20091030081741.60 | |
| 010 | @a978-7-5011-8314-2@dCNY29.00 | |
| 100 | @a20090515d2008 ekmy0 y0120 ea | |
| 102 | @aCN@b130000 | |
| 102 | @aCN@b110000 | |
| 105 | @ay z 000yy | |
| 200 | 1 | @a总理是位中国通@f李洋等著@Fli yang deng zhu |
| 210 | @a北京@c新华出版社@d2008.03 | |
| 215 | @a202页@d20cm | |
| 606 | 0 | @a历史 |
| 606 | 0 | @a地理 |
| 690 | @aK836.11@v4 | |
| 701 | 0 | @a李洋@Ali yang@4著 |
| 801 | 0 | @aCN@c20091030 |
| 905 | @a10447@dK836.11@eT613 | |
| 906 | @d29@n3@r1 | |
| 总理是位中国通/李洋等著.-北京:新华出版社,2008.03 |
| 202页;20cm |
| ISBN 978-7-5011-8314-2:CNY29.00 |
| ● |
| 相关链接 |
|
|
|
正题名:总理是位中国通
索取号:K836.11/T613
 
预约/预借
| 序号 | 登录号 | 条形码 | 馆藏地/架位号 | 状态 | 备注 |
| 1 | 897882 | 208978828 | 社科库309/309社科库 2排1列6层/ [索取号:K836.11/T613] | 在馆 | |
| 2 | 897883 | 208978837 | 社科库309/309社科库 2排1列6层/ [索取号:K836.11/T613] | 在馆 | |
| 3 | 897884 | 208978846 | 社科库309/309社科库 2排1列6层/ [索取号:K836.11/T613] | 在馆 |